Devenish on Interpretation / (Record no. 3276)

MARC details
000 -LEADER
fixed length control field 00530nam a22001817a 4500
005 - DATE AND TIME OF INPUT
control field 20241205092754.0
008 - DATA ELEMENTS--GENERAL INFORMATION
fixed length control field 241205b |||||||| |||| 00| 0 eng d
020 ## - INTERNATIONAL STANDARD BOOK NUMBER
International Standard Book Number 9781485133643
041 ## - LANGUAGE CODE
Language code of text English
082 ## - SHELF NUMBER
DDC number 340.1 DEV
100 ## - MAIN AUTHOR
Language of a work English
245 ## - TITLE STATEMENT
Title Devenish on Interpretation /
Statement of responsibility, etc. GE Devenish
250 ## - EDITION STATEMENT
Edition statement Second Edition
260 ## - PUBLICATION, DISTRIBUTION, ETC.
Place of publication, distribution, etc. Cape Town:
Name of publisher, distributor, etc. Juta and Company (Pty) Ltd,
Date of publication, distribution, etc. 2024
300 ## - PHYSICAL DESCRIPTION
Other physical details xxxiii, 570 pages;
Dimensions 26 cm.
650 ## - SUBJECT`
Broad subject Legal practice
Own subject terms Law
942 ## - ADDED ENTRY ELEMENTS (KOHA)
Item type Books
942 ## - ADDED ENTRY ELEMENTS (KOHA)
-- ALISON_BN_VRIES
Holdings
Source of classification or shelving scheme Volume number (bound volume or other part) Not for loan Collection code Home library Current library Shelving location Date acquired Full call number Barcode Price effective from Koha item type
Dewey Decimal Classification Volume 1: Statutory Interpretation   TEXT BOOKS LAW SOCIETY OF NAMIBIA LIBRARY - WINDHOEK LAW SOCIETY OF NAMIBIA LIBRARY - WINDHOEK Jurisprudence, rule of law legal and ethics 12/05/2024 340.1 DEV LSN/2024/154 12/05/2024 Books
Dewey Decimal Classification Volume 1: Statutory Interpretation   TEXT BOOKS LAW SOCIETY OF NAMIBIA LIBRARY - WINDHOEK LAW SOCIETY OF NAMIBIA LIBRARY - WINDHOEK Jurisprudence, rule of law legal and ethics 12/05/2024 340.1 DEV LSN/2024/153 12/05/2024 Books